000
00204 a2200097 4500
020
_a
9788434837973
041
_a
spa
100
_a
Jose Luis Cortez Aguilar
245
_a
Un culete independiente
942
_c
K
999
_c
28688
_d
28688